000 01058cam a2200241 4500
001 X113197
008 000000n2001 000 0 eng u
035 _a(Sirsi) u113197
245 _aAftercare provisions: how effective are they?
260 _c2001
490 _aMinerals Bulletin
_vMay 2001, 5(1)
520 _aOutlines the key findings of a DETR research study into aftercare in minerals planning focusing on amendments to legislation, additional guidance, better use of existing guidance, and changes to existing practices. The full text of the research study, "Effectiveness of provisions for the aftercare of minerals workings, is available at http://www.communities.gov.uk/index.asp?id=1143562
650 _aAFTERCARE
650 _aMINERAL PLANNING AUTHORITIES
650 _aMINERAL WORKINGS
650 _aMINERALS ACT 1981
650 _aMINERALS PLANNING
650 _aMINERALS PLANNING AUTHORITIES
650 _aMPG7
690 _aMINING AND MINERALS
856 _uhttps://www.communities.gov.uk/index.asp?id=1143563
942 _n0
999 _c67412
_d67412